| 000 | 01198nam0a22003131 4500 | ||
|---|---|---|---|
| 001 | rc\3331161 | ||
| 005 | 20130115151425.1 | ||
| 021 |
_aRU _b[70-80837] |
||
| 035 | _a(NLR Aleph) 007513178 | ||
| 090 |
_a7702088 _c7702088 |
||
| 100 | _a20130115d1970 |||y0rusy50 ca | ||
| 101 | 0 | _arus | |
| 102 | _aRU | ||
| 105 | _aa z ||||| | ||
| 200 | 1 |
_aТанки и танковые войска _fПод ред. [и с предисл.] маршала бронетанковых войск А.Х. Бабаджаняна |
|
| 210 |
_aМосква _cВоениздат _d1970 |
||
| 215 |
_a336 с. _cил. _d27 |
||
| 300 | _aНа обороте тит. л. авт.: ген.-лейт. Карпенко А.С., ген.-лейт. танковых войск Завизион Г.Т., ген.-майор Сергеев Л.В. и др. | ||
| 606 |
_aТанки _2psbo |
||
| 606 |
_aТанковые войска _2psbo |
||
| 701 | 1 |
_aКарпенко _bА. С. |
|
| 701 | 1 |
_aЗавизион _bГ. Т. |
|
| 701 | 1 |
_aСергеев _bЛ. В. |
|
| 702 | 1 |
_aБабаджанян _bА. Х. _4340 _4080 |
|
| 801 | 0 |
_aRU _bNLR _gpsbo |
|
| 801 | 1 |
_aRU _bELAR _2rusmarc |
|
| 852 |
_aNLR _j70-7/353 |
||
| 942 | _cBOOK | ||
| 980 | _aNB | ||